书目信息 |
| 题名: |
舞蹈教育学
|
|
| 作者: | 吕艺生 著 | |
| 分册: | ||
| 出版信息: | 上海 上海音乐出版社 2000 |
|
| 页数: | 266页 | |
| 开本: | 26cm | |
| 丛书名: | 中国艺术教育大系 | |
| 单 册: | ||
| 中图分类: | J70-05 | |
| 科图分类: | ||
| 主题词: | 舞蹈--教育学--高等学校--教材 , 舞蹈 , 教育学 | |
| 电子资源: | ||
| ISBN: | 7-80553-777-1 | |
| 000 | 00710nam0 2200265 450 | |
| 001 | 1240044968 | |
| 005 | 20121019110817.12 | |
| 010 | @a7-80553-777-1@dCNY28.00 | |
| 100 | @a19990809d2000 em y0chiy0110 ea | |
| 101 | 0 | @achi |
| 102 | @aCN@b310000 | |
| 105 | @ay z 000yy | |
| 200 | 1 | @a舞蹈教育学@f吕艺生著 |
| 210 | @a上海@c上海音乐出版社@d2000 | |
| 215 | @a266页@d26cm | |
| 225 | 2 | @a中国艺术教育大系@i舞蹈卷 |
| 300 | @a普通高等教育“九五”国家级重点教材 | |
| 461 | 0 | @12001 @a中国艺术教育大系@i舞蹈卷 |
| 606 | 0 | @a舞蹈@x教育学@x高等学校@j教材 |
| 606 | 0 | @a舞蹈 |
| 606 | 0 | @a教育学 |
| 690 | @aJ70-05@v4 | |
| 701 | 0 | @a吕艺生@4著 |
| 801 | 0 | @aCN@bTSSF@c20010702 |
| 905 | @a10447@dJ70-05@eJY36 | |
| 舞蹈教育学/吕艺生著.-上海:上海音乐出版社,2000 |
| 266页;26cm.-(中国艺术教育大系.舞蹈卷) |
| 普通高等教育“九五”国家级重点教材 |
| ISBN 7-80553-777-1:CNY28.00 |
| ● |
| 相关链接 |
|
|
|
|
正题名:舞蹈教育学
索取号:J70-05/JY36
 
预约/预借
| 序号 | 登录号 | 条形码 | 馆藏地/架位号 | 状态 | 备注 |
| 1 | 7833954 | 278339549 | 学院路分馆/ [索取号:J70-05/JY36] | 在馆 | |
| 2 | 7833955 | 278339558 | 学院路分馆/ [索取号:J70-05/JY36] | 在馆 | |
| 3 | 7833956 | 278339567 | 学院路分馆/ [索取号:J70-05/JY36] | 在馆 |